| Tag |
First Indicator |
Second Indicator |
Subfields |
| LEADER |
00000cam a2200000 i 4500 |
| 001 |
in00005677754 |
| 005 |
20260126163744.0 |
| 007 |
t| |
| 008 |
250919t20252025ctua b 000 0 eng d |
| 040 |
|
|
|a UKMGB
|b eng
|e rda
|c UKMGB
|d OCLCO
|d YUS
|
| 020 |
|
|
|a 9780300266023
|
| 020 |
|
|
|a 0300266022
|q hardback
|
| 024 |
8 |
|
|a CIPO000295711
|
| 035 |
|
|
|a (OCoLC)1464951092
|
| 050 |
|
4 |
|a N7477
|b .H355 2025
|
| 082 |
0 |
4 |
|a 701.1
|2 23
|
| 100 |
1 |
|
|a Hall, Marcia B.,
|e author.
|1 https://id.oclc.org/worldcat/entity/E39PBJhRFH99f9XQ6KTXTh9FKd
|1 https://isni.org/isni/0000000110282492
|
| 245 |
1 |
4 |
|a The lingering look :
|b discovering the unexpected in art /
|c Marcia B. Hall ; afterword by Lisa Yuskavage.
|
| 264 |
|
1 |
|a New Haven ;
|a London :
|b Yale University Press,
|c [2025]
|
| 300 |
|
|
|a 186 pages :
|b illustrations (colour) ;
|c 29 cm
|
| 336 |
|
|
|a text
|b txt
|2 rdacontent
|
| 336 |
|
|
|a still image
|b sti
|2 rdacontent
|
| 337 |
|
|
|a unmediated
|b n
|2 rdamedia
|
| 338 |
|
|
|a volume
|b nc
|2 rdacarrier
|
| 504 |
|
|
|a Includes bibliographical references.
|
| 650 |
|
0 |
|a Art appreciation
|v Popular works.
|
| 650 |
|
7 |
|a Art appreciation
|2 fast
|
| 655 |
|
7 |
|a Popular works
|2 fast
|
| 700 |
1 |
|
|a Yuskavage, Lisa,
|d 1962-
|e writer of afterword
|1 https://id.oclc.org/worldcat/entity/E39PBJv4kByCk98wDCDVbd7j4q
|
| 852 |
8 |
|
|b POD
|z This title is available for the library to purchase for your use. Click the "Purchase It For Me" button to place a request. This item will take 5-10 business days to arrive.
|
| 955 |
|
|
|a Print PDA title
|
| 961 |
|
|
|m 565730
|
| 999 |
f |
f |
|i f5d8097f-4b29-42c3-b08a-e97bb15c20e3
|s 1049013d-1d62-4855-9f1b-746eef439050
|t 0
|
| 952 |
f |
f |
|a Texas A&M University
|b College Station
|c Sterling C. Evans Library
|s Evans POD
|d Purchase on Demand
|t 0
|e N7477 .H355 2025
|h Library of Congress classification
|
| 998 |
f |
f |
|a N7477 .H355 2025
|t 0
|l Purchase on Demand
|